[Event "Sparkassen-Open A"]
[Site "Heusenstamm, Martinsee"]
[Date "2025.11.22"]
[Round "4.48"]
[White "Inkaya, Mustafa"]
[Black "Steinle, Carsten"]
[Result "1/2-1/2"]
[Annotator "Schloessner,Henrik"]
[WhiteElo "1975"]
[BlackElo "2080"]
[PlyCount "61"]
[EventDate "2025.11.20"]
[WhiteTeam "SC Kreuzberg e.V."]
[BlackTeam "Schachverein Ahlen 1954 e. V."]

1. d4 e6 2. Nf3 Nf6 3. g3 c5 4. c4 cxd4 5. Nxd4 Nc6 6. Bg2 Bc5 7. Nb3 Bb4+ 8. Bd2 O-O 9. O-O Qe7 10. a3 Bxd2 11. Qxd2 d5 12. cxd5 exd5 13. Nc3 Be6 14. Nd4 Rad8 15. Nxc6 bxc6 16. Rac1 c5 17. Na4 Rc8 18. b4 c4 19. Nc5 Rfd8 20. Qd4 Bf5 21. Rfe1 Ne4 22. Nxe4 Bxe4 23. Bxe4 dxe4 24. Qe3 Rd7 25. Rc3 Qe5 26. Rec1 Rd4 27. h4 f6 28. Kh2 h6 29. a4 g5 30. hxg5 hxg5 31. Kg2 {Rest nicht lesbar (1/2 48.)} 1/2-1/2

[Event "Sparkassen-Open A"]
[Site "Heusenstamm, Martinsee"]
[Date "2025.11.22"]
[Round "4.49"]
[White "Finke, Kelsie Josefine"]
[Black "Feick, Claas Marten"]
[Result "1-0"]
[WhiteElo "2070"]
[BlackElo "1904"]
[PlyCount "45"]
[EventDate "2025.11.20"]
[WhiteTeam "SC Garching 1980 e.V."]
[BlackTeam "SF Neuberg"]

1. e4 c6 2. d4 d5 3. Nd2 dxe4 4. Nxe4 Bf5 5. Ng3 Bg6 6. h4 h6 7. Nf3 e6 8. h5 Bh7 9. Bd3 Bxd3 10. Qxd3 Nf6 11. Bd2 c5 12. O-O-O Nc6 13. Bc3 Rc8 14. Ne4 Nxe4 15. Qxe4 cxd4 16. Nxd4 Nxd4 17. Bxd4 Qg5+ 18. f4 Qb5 19. Rhe1 Qa4 20. Kb1 Rc6 21. Bf6 Qa5 22. Qe5 Qxe1 23. Qb8+ 1-0

[Event "Sparkassen-Open A"]
[Site "Heusenstamm, Martinsee"]
[Date "2025.11.22"]
[Round "4.50"]
[White "Merz, Leander"]
[Black "Peter, Laurenz"]
[Result "1-0"]
[WhiteElo "2034"]
[BlackElo "1896"]
[PlyCount "95"]
[EventDate "2025.11.20"]
[WhiteTeam "Schachforum Darmstadt 1994"]
[BlackTeam "SPORTGEM Kaarst 1912/35"]

1. e4 c5 2. Nc3 Nc6 3. Bb5 Nd4 4. Nf3 a6 5. Bd3 e6 6. Nxd4 cxd4 7. Ne2 Bc5 8. c3 dxc3 9. bxc3 b5 10. Bc2 Nf6 11. d4 Be7 12. O-O Bb7 13. e5 Nd5 14. Qd3 Rc8 15. a4 Qc7 16. axb5 Nb4 17. cxb4 Qxc2 18. Qxc2 Rxc2 19. bxa6 Ba8 20. Ng3 O-O 21. b5 Rb8 22. Rb1 Ra2 23. Be3 Bd5 24. Rfc1 Bd8 25. f3 Ra3 26. Kf2 Ra2+ 27. Kf1 Ra3 28. Bd2 Bb6 29. Bb4 Ra4 30. Bd6 Ra8 31. Bc5 Bd8 32. Ne4 f5 33. Nd6 Bg5 34. Ra1 Ba2 35. Rd1 Be7 36. Kf2 Bg5 37. g3 f4 38. g4 Bh4+ 39. Kg2 h5 40. Rd2 Bb3 41. Rxa4 Bxa4 42. b6 hxg4 43. b7 gxf3+ 44. Kh3 Rxa6 45. b8=Q+ Kh7 46. Kxh4 f2 47. Nf7 Bd1 48. Ng5+ 1-0

[Event "Sparkassen-Open A"]
[Site "Heusenstamm, Martinsee"]
[Date "2025.11.22"]
[Round "4.51"]
[White "Faulhaber, Tobias"]
[Black "Paeslack, Luis"]
[Result "1/2-1/2"]
[WhiteElo "1906"]
[BlackElo "2054"]
[PlyCount "58"]
[EventDate "2025.11.20"]
[WhiteTeam "SC Schifferstadt"]
[BlackTeam "SC Aschaffenburg e.V."]

1. e4 c5 2. Nf3 d6 3. d4 cxd4 4. Nxd4 Nf6 5. Nc3 a6 6. h3 e5 7. Nb3 Be7 8. Be3 h6 9. g3 Nbd7 10. Bg2 O-O 11. O-O b5 12. Nd5 Nxd5 13. exd5 a5 14. f4 a4 15. Nc1 exf4 16. Bxf4 Bf6 17. Nd3 a3 18. Rb1 axb2 19. Nxb2 Rxa2 20. Nd3 Qb6+ 21. Kh2 g5 22. Bc1 Bg7 23. Nb4 Ra4 24. Nc6 Ne5 25. Ne7+ Kh8 26. Bxg5 Bg4 27. Qc1 Kh7 28. Bf6 Bd7 29. Qd2 Qd4 1/2-1/2

[Event "Sparkassen-Open A"]
[Site "Heusenstamm, Martinsee"]
[Date "2025.11.22"]
[Round "4.52"]
[White "Lu, Yunong Elias"]
[Black "Hoffmann, Christian"]
[Result "1-0"]
[WhiteElo "2060"]
[BlackElo "1891"]
[PlyCount "89"]
[EventDate "2025.11.20"]
[WhiteTeam "Hamburger SK von 1830 eV"]
[BlackTeam "SAbt BKA Wiesbaden"]

1. e4 c5 2. Nf3 d6 3. Bb5+ Bd7 4. c4 Nf6 5. Nc3 Nc6 6. d4 cxd4 7. Nxd4 g6 8. O-O Bg7 9. Bxc6 bxc6 10. c5 O-O 11. Nb3 Be6 12. cxd6 exd6 13. Bf4 d5 14. Nd4 c5 15. Nc6 Qd7 16. exd5 Nxd5 17. Nxd5 Rfe8 18. Nde7+ Rxe7 19. Nxe7+ Qxe7 20. Re1 Bxb2 21. Rb1 Qf6 22. Qf3 Rc8 23. Qe2 Bd4 24. Be3 c4 25. Bxd4 Qxd4 26. Qe3 Qxe3 27. Rxe3 Rc5 28. Rc3 Kg7 29. f3 Kf6 30. Kf2 h5 31. h4 g5 32. hxg5+ Kxg5 33. Rb7 a6 34. Rb6 Ra5 35. a3 h4 36. Rb8 Rd5 37. Rxc4 Rd2+ 38. Ke3 Bxc4 39. Kxd2 f5 40. Ke3 Bf1 41. a4 Kf6 42. Kf2 Bd3 43. Rb4 Kg5 44. a5 Bc2 45. Ke3 1-0

[Event "Sparkassen-Open A"]
[Site "Heusenstamm, Martinsee"]
[Date "2025.11.22"]
[Round "4.53"]
[White "Stein, Marco"]
[Black "Yasaswi Krishna Bommi"]
[Result "1/2-1/2"]
[WhiteElo "2059"]
[BlackElo "1843"]
[PlyCount "45"]
[EventDate "2025.11.20"]
[WhiteTeam "SV Alsfeld"]
[BlackTeam "Indien"]
[BlackTeamCountry "IND"]

1. d4 Nf6 2. c4 g6 3. Nc3 Bg7 4. e4 d6 5. f3 O-O 6. Be3 Nc6 7. Qd2 e5 8. Nge2 exd4 9. Nxd4 Ne5 10. O-O-O a6 11. h3 Rb8 12. f4 Ned7 13. Bf2 Nc5 14. Bd3 Re8 15. Rde1 c6 16. Bc2 Qc7 17. g4 b5 18. e5 dxe5 19. Rxe5 Rxe5 20. fxe5 Nfd7 21. Nf3 Ne6 22. cxb5 axb5 23. Bg3 1/2-1/2

[Event "Sparkassen-Open A"]
[Site "Heusenstamm, Martinsee"]
[Date "2025.11.22"]
[Round "4.54"]
[White "Griesfeller, Sven"]
[Black "Thomas, Tobias"]
[Result "0-1"]
[WhiteElo "1869"]
[BlackElo "1994"]
[PlyCount "66"]
[EventDate "2025.11.20"]
[WhiteTeam "Schachdrachen Büdingen-Wächtersb"]
[BlackTeam "SK Langen"]

1. e4 c5 2. Nf3 e6 3. c3 d5 4. exd5 Qxd5 5. d4 Nf6 6. Be3 Nbd7 7. Na3 a6 8. Bc4 Qc6 9. O-O b5 10. Be2 Bb7 11. Nc2 Rd8 12. a4 bxa4 13. dxc5 Nxc5 14. Ncd4 Qc7 15. Nd2 Nd5 16. Bg5 Be7 17. Bxe7 Qxe7 18. Qc2 O-O 19. Bf3 Nf6 20. Rfe1 Bxf3 21. N4xf3 Qb7 22. Re5 Rd5 23. h3 Rb8 24. Rb1 Rxe5 25. Nxe5 Qe4 26. Qxe4 Nfxe4 27. Nc6 Rb6 28. Na5 Nxd2 29. Rd1 Rxb2 30. Nc6 Rb1 31. Rxb1 Nxb1 32. c4 Nd2 33. f3 Nd3 0-1

[Event "Sparkassen-Open A"]
[Site "Heusenstamm, Martinsee"]
[Date "2025.11.22"]
[Round "4.55"]
[White "Schlößner, Henrik"]
[Black "Berberich, Christoph"]
[Result "1-0"]
[WhiteElo "2040"]
[BlackElo "1839"]
[PlyCount "119"]
[EventDate "2025.11.20"]
[WhiteTeam "SK Gründau"]
[BlackTeam "SK Freiburg-Zähringen 1887 e.V."]

1. e4 c5 2. Nf3 Nc6 3. d4 cxd4 4. Nxd4 Nf6 5. Nc3 e5 6. Ndb5 d6 7. Bg5 a6 8. Na3 b5 9. Nd5 Be7 10. Bxf6 Bxf6 11. c3 Ne7 12. Nxf6+ gxf6 13. Bd3 Bb7 14. Nc2 d5 15. Qf3 f5 16. Qg3 fxe4 17. Qxe5 Rg8 18. Bf1 Qd7 19. Nd4 Rd8 20. g3 Qd6 21. Qh5 Qg6 22. Qe5 Qd6 23. Qxd6 Rxd6 24. a4 bxa4 25. Rxa4 Rb6 26. b4 Nc6 27. Nxc6 Bxc6 28. Rxa6 Rxa6 29. Bxa6 Ke7 30. Kd2 d4 31. Re1 Rd8 32. cxd4 Rxd4+ 33. Kc3 Rd6 34. Bc4 f5 35. Ra1 Rd7 36. Ra6 Rc7 37. Kd4 Bb7 38. Rh6 Kd8 39. Rf6 Rd7+ 40. Ke5 Rd2 41. Rxf5 Rb2 42. Kd6 Rd2+ 43. Bd5 Ke8 44. Kc5 Bxd5 45. Rxd5 Rxf2 46. Re5+ Kd7 47. Rxe4 Rc2+ 48. Kb6 Rxh2 49. Rh4 Rb2 50. Rxh7+ Kd6 51. b5 Rg2 52. Rg7 Rg1 53. Kb7 Rb1 54. b6 Rb3 55. g4 Rb1 56. Kc8 Rc1+ 57. Rc7 Rh1 58. Rd7+ Kc6 59. b7 Rb1 60. Rc7+ 1-0

[Event "Sparkassen-Open A"]
[Site "Heusenstamm, Martinsee"]
[Date "2025.11.22"]
[Round "4.56"]
[White "Schumacher, Markus"]
[Black "Heindrich, Mark"]
[Result "0-1"]
[WhiteElo "1858"]
[BlackElo "2038"]
[PlyCount "88"]
[EventDate "2025.11.20"]
[WhiteTeam "Godesberger SK 1929 e. V"]
[BlackTeam "SAbt TuS Dotzheim"]

1. e4 e5 2. Nf3 Nc6 3. Bb5 a6 4. Ba4 Nf6 5. d3 b5 6. Bb3 Be7 7. c3 O-O 8. h3 d6 9. O-O Nb8 10. Re1 Nbd7 11. Be3 c5 12. Nbd2 Bb7 13. Bc2 Re8 14. Nf1 Bf8 15. Ng3 d5 16. a4 Qc7 17. axb5 axb5 18. Rxa8 Bxa8 19. Bc1 dxe4 20. dxe4 c4 21. Qe2 Nc5 22. Nh2 Ne6 23. Ng4 Nd7 24. Nf5 Ndc5 25. Qf3 f6 26. Qg3 Kh8 27. Nfh6 Qd7 28. Nf5 Qf7 29. Qf3 Rd8 30. Qe2 Nd3 31. Bxd3 Rxd3 32. Ng3 Qd7 33. Be3 Bc5 34. Ra1 Bc6 35. Kh2 Bxe3 36. fxe3 Ng5 37. Ra6 h6 38. Qf1 Rd2 39. Nxf6 Qxh3+ 40. Kg1 Qxg3 41. Rxc6 Nh3+ 42. Kh1 Nf2+ 43. Kg1 gxf6 44. Rxf6 Rd1 0-1

[Event "Sparkassen-Open A"]
[Site "Heusenstamm, Martinsee"]
[Date "2025.11.22"]
[Round "4.57"]
[White "Praszczalek, Jakub"]
[Black "Schreidl, Michael"]
[Result "0-1"]
[WhiteElo "1738"]
[BlackElo "2027"]
[PlyCount "76"]
[EventDate "2025.11.20"]
[WhiteTeam "SK Köln-Südwest"]
[BlackTeam "SK Frankenthal"]

1. b3 d5 2. Bb2 Bf5 3. Nf3 c6 4. d3 Nf6 5. g3 h6 6. Bg2 e6 7. Nbd2 Be7 8. e4 dxe4 9. dxe4 Bh7 10. Qe2 O-O 11. O-O a5 12. a4 Nbd7 13. Ne5 Qc7 14. Ndc4 Nc5 15. f3 b5 16. axb5 cxb5 17. Na3 Rfb8 18. Kh1 Qb7 19. Rfb1 b4 20. Nac4 a4 21. bxa4 Nxa4 22. Qe1 Qb5 23. Bf1 Qb7 24. Bd4 Rd8 25. Bb2 Nxe4 26. fxe4 Bxe4+ 27. Kg1 Bc5+ 28. Ne3 Nxb2 29. Rxa8 Rxa8 30. Rxb2 Ra1 31. Qf2 Bxe3 32. Qxe3 Bg2 33. Qf2 Rxf1+ 34. Qxf1 Bxf1 35. Kxf1 Qh1+ 36. Kf2 Qxh2+ 37. Kf3 Qh5+ 38. Kf4 Qf5+ 0-1

[Event "Sparkassen-Open A"]
[Site "Heusenstamm, Martinsee"]
[Date "2025.11.22"]
[Round "4.58"]
[White "Reinhard, Ralf-Peter"]
[Black "Eichschmied, Patrick"]
[Result "1/2-1/2"]
[WhiteElo "1830"]
[BlackElo "1998"]
[PlyCount "79"]
[EventDate "2025.11.20"]
[WhiteTeam "SC Chessence 64 e. V."]
[BlackTeam "MTV Ingolstadt"]

1. d4 Nf6 2. Nf3 e6 3. e3 c5 4. Bd3 cxd4 5. exd4 b6 6. O-O Be7 7. c3 Ba6 8. Qe2 Bxd3 9. Qxd3 O-O 10. Bg5 d6 11. Nbd2 Nbd7 12. a4 a6 13. Rfe1 Qc7 14. Ne4 Qb7 15. Nxf6+ Nxf6 16. h3 Rfe8 17. Bh4 Nd5 18. Bxe7 Rxe7 19. Ng5 Nf6 20. Ne4 Nxe4 21. Qxe4 Qxe4 22. Rxe4 Kf8 23. f4 Ke8 24. Rae1 Kd7 25. d5 Rae8 26. c4 exd5 27. Rxe7+ Rxe7 28. Rxe7+ Kxe7 29. cxd5 Kf6 30. Kf2 h5 31. g4 hxg4 32. hxg4 g5 33. Kf3 gxf4 34. Kxf4 Kg6 35. g5 Kh7 36. Kg4 Kg6 37. Kf4 f6 38. gxf6 Kxf6 39. b4 Kg6 40. Ke4 1/2-1/2

[Event "Sparkassen-Open A"]
[Site "Heusenstamm, Martinsee"]
[Date "2025.11.22"]
[Round "4.59"]
[White "Bräutigam, Thomas"]
[Black "Meyer-Jany, Marcel"]
[Result "1/2-1/2"]
[WhiteElo "2016"]
[BlackElo "1826"]
[PlyCount "72"]
[EventDate "2025.11.20"]
[WhiteTeam "SC 1957 Bad Königshofen e.V."]
[BlackTeam "SC Mattmeister Karben 1998 e.V."]

1. d4 d5 2. Nf3 Nf6 3. g3 Bf5 4. Bg2 e6 5. O-O h6 6. c4 c6 7. Qb3 Qb6 8. c5 Qxb3 9. axb3 Na6 10. Bd2 Bc2 11. b4 Ne4 12. Bc3 Nxc3 13. bxc3 Bxb1 14. Rfxb1 Nc7 15. Nd2 Nb5 16. Rc1 Be7 17. e3 O-O 18. Bf1 a6 19. Nb3 Nc7 20. Na5 Rab8 21. Ra2 f6 22. Bd3 Kf7 23. Re2 g6 24. Rce1 f5 25. f3 Bf6 26. g4 Bh4 27. Rf1 Kg7 28. h3 Nb5 29. Bxb5 axb5 30. Kg2 Bd8 31. Ra1 Ra8 32. Rea2 Bxa5 33. Rxa5 Rxa5 34. Rxa5 Kf6 35. Ra7 Rb8 36. Kg3 e5 1/2-1/2

[Event "Sparkassen-Open A"]
[Site "Heusenstamm, Martinsee"]
[Date "2025.11.22"]
[Round "4.60"]
[White "Schröder, Jürgen"]
[Black "Gernert, Tomas"]
[Result "1-0"]
[WhiteElo "2013"]
[BlackElo "1810"]
[PlyCount "95"]
[EventDate "2025.11.20"]
[WhiteTeam "SC Matt im Park Ffm"]
[BlackTeam "KS Ricany 1925"]

1. e4 c5 2. Be2 Nc6 3. d3 g6 4. f4 Bg7 5. Nf3 d6 6. O-O e5 7. c3 Nge7 8. Be3 b6 9. d4 exf4 10. Bxf4 d5 11. exd5 Nxd5 12. Bb5 Bd7 13. Re1+ Nce7 14. Bxd7+ Qxd7 15. Be5 O-O 16. Bxg7 Kxg7 17. dxc5 Qg4 18. h3 Qg3 19. Qd4+ Kg8 20. Qf2 Qxf2+ 21. Kxf2 bxc5 22. Nbd2 Nc6 23. Ne4 c4 24. Nd6 Nf4 25. Kg3 Nd3 26. Re2 Na5 27. Ne5 Rae8 28. Nxe8 Rxe8 29. Rae1 Nxe1 30. Rxe1 Rb8 31. Re2 Re8 32. Kf3 Rd8 33. Ke3 Re8 34. Kf3 Rd8 35. Ng4 Rd3+ 36. Re3 Rd2 37. Re2 Rd3+ 38. Kf2 Nc6 39. Re8+ Kg7 40. Ke2 f5 41. Ne3 Kf7 42. Rc8 Ne7 43. Rc7 Ke6 44. Rxa7 Ng8 45. Nxc4 Rg3 46. Kf2 f4 47. Nd2 Nh6 48. Ra4 1-0

[Event "Sparkassen-Open A"]
[Site "Heusenstamm, Martinsee"]
[Date "2025.11.22"]
[Round "4.61"]
[White "Mukazhanov, Mansur"]
[Black "Graschdankin, Roman"]
[Result "1-0"]
[WhiteElo "2007"]
[BlackElo "1801"]
[PlyCount "179"]
[EventDate "2025.11.20"]
[WhiteTeam "SG Trier 1877 e.V."]
[BlackTeam "SK Bad Homburg 1927"]

1. e4 c5 2. Nf3 Nc6 3. Bb5 e6 4. Bxc6 bxc6 5. O-O Ne7 6. d3 Ng6 7. c4 e5 8. Nc3 Be7 9. Ne2 d6 10. Ng3 O-O 11. Bd2 Bd7 12. Qc1 Bg4 13. Ne1 Rb8 14. h3 Bd7 15. Nh5 f5 16. f4 fxe4 17. dxe4 exf4 18. Nxf4 Ne5 19. Ned3 Bf6 20. Rb1 Nxd3 21. Nxd3 Bd4+ 22. Kh1 Qh4 23. Rf4 Qg3 24. Qf1 Qg6 25. Qf3 Be6 26. Rf1 Rxf4 27. Nxf4 Qf7 28. Nxe6 Qxe6 29. b3 Re8 30. Ba5 h6 31. Bc7 Kh8 32. Qg3 Be5 33. Qe1 Qe7 34. Ba5 Rf8 35. Bd2 Rf6 36. Qe2 Qf7 37. Rxf6 Qxf6 38. Qf3 Qh4 39. g4 Qe7 40. Kg2 Kg8 41. Be1 Qg5 42. h4 Qc1 43. Qe2 Qf4 44. Qf3 Qh2+ 45. Kf1 Bf4 46. a4 Qg1+ 47. Ke2 Qh2+ 48. Kd1 Qb2 49. Bd2 Qb1+ 50. Ke2 Qg1 51. Be1 Qh2+ 52. Kd1 Qb2 53. g5 hxg5 54. hxg5 Be5 55. g6 Bf6 56. Bd2 Qe5 57. Qf5 Qxf5 58. exf5 Kf8 59. Ke2 d5 60. Be3 d4 61. Bf4 Ke7 62. Kd3 Kd7 63. Ke4 Ke7 64. Bd2 Kd6 65. b4 cxb4 66. Bxb4+ c5 67. Bd2 Kd7 68. Kd5 Be7 69. Bh6 Bf6 70. Bf4 Be7 71. Be5 Bf8 72. f6 gxf6 73. Bxf6 d3 74. Bg5 Bg7 75. Ke4 Ke6 76. Kxd3 Kf5 77. Be3 Kxg6 78. Bxc5 a6 79. Ke4 Kf7 80. Kd5 Ke8 81. Kc6 Bc3 82. Kb7 Kd7 83. Bb6 Kd6 84. c5+ Kd5 85. c6 Be5 86. a5 Ke6 87. Kxa6 Bb8 88. c7 Bxc7 89. Bxc7 Kd7 90. Kb7 1-0

[Event "Sparkassen-Open A"]
[Site "Heusenstamm, Martinsee"]
[Date "2025.11.22"]
[Round "4.62"]
[White "Spelleken, Mark"]
[Black "Steinbrenner, Peter"]
[Result "0-1"]
[WhiteElo "1745"]
[BlackElo "2005"]
[PlyCount "116"]
[EventDate "2025.11.20"]
[WhiteTeam "SC Somborn 1933"]
[BlackTeam "SK Kaiserslautern 1905"]

1. d4 Nf6 2. c4 e6 3. Nc3 d5 4. Bg5 Be7 5. Nf3 a6 6. cxd5 exd5 7. e3 c6 8. Bd3 h6 9. Bh4 O-O 10. Rc1 Re8 11. O-O Nbd7 12. Bg3 Bf8 13. Qc2 Nh5 14. Ne5 Nxe5 15. Bxe5 Nf6 16. Rfd1 Bd6 17. Bxd6 Qxd6 18. Na4 Ng4 19. g3 h5 20. Nb6 Rb8 21. Nxc8 Rbxc8 22. Bf5 Rcd8 23. Bxg4 hxg4 24. Kg2 Qf6 25. Qe2 Qf5 26. Rd2 Rd6 27. f3 Rde6 28. Rc3 Rh6 29. fxg4 Qe4+ 30. Kg1 Ree6 31. Qd1 Reg6 32. Rg2 Rxg4 33. Qc2 Qe6 34. Qe2 Rgg6 35. Rb3 b5 36. Ra3 Rf6 37. Rxa6 Rf5 38. Ra8+ Kh7 39. Qd3 Rhf6 40. h4 g6 41. Kh2 Rf2 42. Kg1 Rxg2+ 43. Kxg2 Qg4 44. e4 dxe4 45. Qe3 Rf3 46. Qe1 e3 47. Ra7 Rf2+ 48. Qxf2 exf2 49. Rxf7+ Kg8 50. Rxf2 Qxd4 51. a3 c5 52. Kf3 c4 53. Re2 Kf7 54. g4 Qd3+ 55. Re3 Qf1+ 56. Kg3 Qg1+ 57. Kf3 Qh2 58. Re2 Qxh4 0-1

[Event "Sparkassen-Open A"]
[Site "Heusenstamm, Martinsee"]
[Date "2025.11.22"]
[Round "4.63"]
[White "Fischermann, Simon"]
[Black "Müller, Elias"]
[Result "1-0"]
[WhiteElo "1916"]
[BlackElo "2109"]
[PlyCount "87"]
[EventDate "2025.11.20"]
[WhiteTeam "SG Porz e. V."]
[BlackTeam "SK Kaiserslautern 1905"]

1. e4 c5 2. Nc3 d6 3. d4 cxd4 4. Qxd4 Nc6 5. Qd2 g6 6. b3 Bh6 7. f4 Nf6 8. g3 O-O 9. Bb2 e5 10. O-O-O Bg4 11. Be2 Nd4 12. Bxg4 Nxg4 13. Nge2 Nf2 14. Nxd4 Nxd1 15. Rxd1 exd4 16. Qxd4 Bg7 17. Qb4 Bxc3 18. Qxc3 f6 19. Qc4+ Rf7 20. e5 fxe5 21. Bxe5 dxe5 22. Rxd8+ Rxd8 23. fxe5 Re8 24. Qd5 Ree7 25. h4 Kg7 26. g4 b6 27. h5 Rf8 28. e6 Rd8 29. Qe5+ Kh6 30. Qf4+ Kg7 31. h6+ Kg8 32. Qf6 b5 33. Kb2 b4 34. Qe5 a6 35. a3 a5 36. a4 g5 37. Qxg5+ Kh8 38. Qe5+ Kg8 39. g5 Rc8 40. Qd5 Kh8 41. Qxa5 Rb7 42. Qe5+ Kg8 43. e7 Rc6 44. Qg7# 1-0

[Event "Sparkassen-Open A"]
[Site "Heusenstamm, Martinsee"]
[Date "2025.11.22"]
[Round "4.64"]
[White "Nickel, Jonas"]
[Black "Seidel, Andre"]
[Result "1/2-1/2"]
[WhiteElo "1919"]
[BlackElo "2142"]
[PlyCount "37"]
[EventDate "2025.11.20"]
[WhiteTeam "Schachdrachen Büdingen-Wächtersb"]
[BlackTeam "SV Oberursel"]

1. e4 e6 2. d4 d5 3. Nc3 Nf6 4. Bg5 Be7 5. Bxf6 Bxf6 6. Nf3 dxe4 7. Nxe4 Be7 8. Bd3 Bd7 9. c3 Bc6 10. O-O Bxe4 11. Bxe4 c6 12. Qc2 h6 13. Rad1 Nd7 14. Rfe1 O-O 15. Qe2 Nf6 16. Bc2 Qc7 17. Ne5 Rad8 18. Ng4 Nxg4 19. Qxg4 1/2-1/2

[Event "Sparkassen-Open A"]
[Site "Heusenstamm, Martinsee"]
[Date "2025.11.22"]
[Round "4.65"]
[White "Hoffmann, Jens"]
[Black "Bernhart, Joseph"]
[Result "1/2-1/2"]
[WhiteElo "2094"]
[BlackElo "1932"]
[PlyCount "128"]
[EventDate "2025.11.20"]
[WhiteTeam "SF HN-Biberach 1978 e.V."]
[BlackTeam "SK Kaiserslautern 1905"]

1. e4 d6 2. d4 Nd7 3. Nf3 e5 4. Nc3 Ngf6 5. Bc4 Be7 6. O-O O-O 7. h3 c6 8. dxe5 dxe5 9. a4 Qc7 10. Qe2 a5 11. Nh4 Nc5 12. Nf5 Be6 13. g4 Bxc4 14. Qxc4 Ne6 15. Be3 Kh8 16. Ne2 Ng8 17. Nxe7 Qxe7 18. c3 Qh4 19. Kg2 Ng5 20. Rh1 Nf6 21. f3 Ne6 22. Ng3 g6 23. Ne2 Ng8 24. Bf2 Qe7 25. Rad1 Rad8 26. Bb6 Rxd1 27. Rxd1 Ra8 28. Kg3 Kg7 29. Qd3 Nf6 30. h4 h5 31. g5 Ng8 32. Qd7 Ra6 33. Be3 b5 34. axb5 Qxd7 35. Rxd7 cxb5 36. Rb7 b4 37. cxb4 axb4 38. Rxb4 Ne7 39. f4 Nc6 40. Rb5 Ra4 41. Nc3 exf4+ 42. Bxf4 Rc4 43. Be3 Kf8 44. Kf2 Kg7 45. Ke1 Ncd4 46. Bxd4+ Nxd4 47. Ra5 Nf3+ 48. Kf2 Nd4 49. Ra4 Rxa4 50. Nxa4 f6 51. Ke3 Ne6 52. gxf6+ Kxf6 53. b4 g5 54. hxg5+ Kxg5 55. b5 h4 56. b6 Nd8 57. Nc5 Nc6 58. Kf3 Kf6 59. Kg4 Ke5 60. Kxh4 Kd4 61. Nd7 Kxe4 62. Kg5 Kd5 63. Kf6 Kd6 64. Nf8 Nb8 1/2-1/2

[Event "Sparkassen-Open A"]
[Site "Heusenstamm, Martinsee"]
[Date "2025.11.22"]
[Round "4.66"]
[White "Segna, Ulrich"]
[Black "Dubinker, Philipp"]
[Result "1/2-1/2"]
[WhiteElo "2090"]
[BlackElo "1911"]
[PlyCount "84"]
[EventDate "2025.11.20"]
[WhiteTeam "SV 1920 Hofheim"]
[BlackTeam "SK Marburg 1931/72"]

1. d4 Nf6 2. Nf3 e6 3. e3 c5 4. Bd3 b6 5. O-O Bb7 6. b3 cxd4 7. exd4 Be7 8. Bb2 O-O 9. Nbd2 d5 10. Ne5 Nbd7 11. Qe2 g6 12. f4 Ne8 13. Rae1 Ng7 14. Qf3 Qc8 15. Qh3 Qc7 16. Rf3 Nf6 17. c3 a5 18. g4 Bd6 19. Qh4 Be7 20. Qh6 Rfe8 21. Bb5 Red8 22. Bd3 Bf8 23. Qh4 Be7 24. Qg3 Bd6 25. Kh1 Nfe8 26. g5 a4 27. b4 Bxe5 28. fxe5 Ba6 29. b5 Bb7 30. Qf2 Nf5 31. Rh3 Neg7 32. Nf1 a3 33. Bc1 Bc8 34. Ne3 Nxe3 35. Rhxe3 Nf5 36. Rh3 Qe7 37. Bxf5 exf5 38. Qh4 h5 39. gxh6 Qxh4 40. Rxh4 Kh7 41. Bg5 Re8 42. Rb1 Bd7 1/2-1/2

[Event "Sparkassen-Open A"]
[Site "Heusenstamm, Martinsee"]
[Date "2025.11.22"]
[Round "4.67"]
[White "Sreeramulu, Aarush"]
[Black "Karaissaridis, Christos"]
[Result "1-0"]
[WhiteElo "2064"]
[BlackElo "1909"]
[PlyCount "73"]
[EventDate "2025.11.20"]
[WhiteTeam "SK Marburg 1931/72"]
[BlackTeam "SK 1947 Sandhausen e.V."]

1. d4 g6 2. c4 Nf6 3. Nc3 Bg7 4. e4 d6 5. h3 O-O 6. Be3 e5 7. d5 Na6 8. g4 Nc5 9. f3 a5 10. Qd2 c6 11. Nge2 cxd5 12. cxd5 Ne8 13. O-O-O f5 14. g5 f4 15. Bxc5 dxc5 16. d6 Be6 17. h4 a4 18. Kb1 Rf7 19. Nb5 Bf8 20. Nec3 Ra6 21. Nc7 Rxd6 22. Nxe6 Qe7 23. Qc2 Rxd1+ 24. Nxd1 Qxe6 25. Bc4 Qd7 26. Nc3 Nd6 27. Bxf7+ Kxf7 28. Nxa4 c4 29. Nb6 Qc6 30. Nd5 Nb5 31. h5 Nd4 32. hxg6+ Kxg6 33. Qh2 h6 34. Qh5+ Kg7 35. gxh6+ Kh8 36. Qxe5+ Bg7 37. Qxg7# 1-0

[Event "Sparkassen-Open A"]
[Site "Heusenstamm, Martinsee"]
[Date "2025.11.22"]
[Round "4.68"]
[White "Kirchmann, Sascha"]
[Black "Calvi, Stefan"]
[Result "1/2-1/2"]
[WhiteElo "1890"]
[BlackElo "2008"]
[PlyCount "98"]
[EventDate "2025.11.20"]
[WhiteTeam "SAbt SU Mühlheim"]
[BlackTeam "SV Oberursel"]

1. e4 c5 2. c3 Nf6 3. e5 Nd5 4. d4 cxd4 5. cxd4 d6 6. Nf3 Nc6 7. Bc4 e6 8. O-O Be7 9. Qe2 O-O 10. Rd1 a6 11. a4 b6 12. Bxd5 exd5 13. Nc3 Be6 14. Bf4 Re8 15. Rac1 Na5 16. b4 Nc4 17. Rb1 Rc8 18. Rdc1 h6 19. Bg3 Qd7 20. b5 a5 21. Nd1 dxe5 22. Nxe5 Nxe5 23. Bxe5 Bf5 24. Ra1 Bd6 25. Rxc8 Qxc8 26. Ne3 Bxe5 27. dxe5 Rxe5 28. Qd2 Be6 29. Rc1 Qb8 30. f3 Qd6 31. Qd4 f6 32. Kf2 Qa3 33. Rc3 Qb4 34. Qxb4 axb4 35. Rd3 b3 36. Ng4 Bxg4 37. fxg4 Re4 38. Rxb3 Rxa4 39. Rd3 d4 40. Kf3 Rb4 41. h4 Kf7 42. Ke4 Ke6 43. Rxd4 Rxb5 44. Rd8 Re5+ 45. Kf3 b5 46. Rg8 Kd5 47. Rxg7 b4 48. Rc7 b3 49. Rc3 Ke6 1/2-1/2

[Event "Sparkassen-Open A"]
[Site "Heusenstamm, Martinsee"]
[Date "2025.11.22"]
[Round "4.69"]
[White "Junker, Christian"]
[Black "Weil, Michael"]
[Result "1/2-1/2"]
[WhiteElo "2008"]
[BlackElo "1907"]
[PlyCount "53"]
[EventDate "2025.11.20"]
[WhiteTeam "SV 1926 Neu-Isenburg"]
[BlackTeam "SC Steinbach"]

1. Nf3 d5 2. g3 c5 3. d3 Nc6 4. Nbd2 Bg4 5. Bg2 e5 6. e4 d4 7. h3 Be6 8. a4 Bd6 9. O-O f6 10. Nc4 Bxc4 11. dxc4 Nge7 12. h4 Nc8 13. Bh3 Qe7 14. Kg2 Qf7 15. Qe2 Nb6 16. b3 Nd7 17. Ne1 O-O-O 18. a5 Kc7 19. Nd3 Qe7 20. Bd2 Ndb8 21. Qg4 Na6 22. Rfe1 g6 23. Qe6 Qxe6 24. Bxe6 Rde8 25. Bh3 Nab4 26. Nxb4 Nxb4 27. Bxb4 1/2-1/2

[Event "Sparkassen-Open A"]
[Site "Heusenstamm, Martinsee"]
[Date "2025.11.22"]
[Round "4.70"]
[White "Höller, Armin"]
[Black "Gundel, Julian"]
[Result "1-0"]
[WhiteElo "1973"]
[BlackElo "1894"]
[PlyCount "59"]
[EventDate "2025.11.20"]
[WhiteTeam "SK Weilheim e.V."]
[BlackTeam "SV Königsspringer 1929 Großauhei"]

1. c4 g6 2. Nf3 Bg7 3. g3 c6 4. e4 e5 5. Bg2 Ne7 6. O-O O-O 7. d4 exd4 8. Nxd4 d6 9. Nc3 Qb6 10. Nb3 Rd8 11. Bf4 Be6 12. Na4 Qb4 13. Nbc5 Na6 14. a3 Qxc4 15. Nxb7 Rd7 16. Nxd6 Qd4 17. Qxd4 Bxd4 18. Rad1 c5 19. e5 Rb8 20. b4 Bb3 21. Nxc5 Bxc5 22. Rb1 Bxb4 23. Rxb3 Bxd6 24. Rd3 Rbd8 25. exd6 Nc8 26. Bc6 Rxd6 27. Bxd6 Rxd6 28. Rxd6 Nxd6 29. Rd1 Nc4 30. Bb5 1-0

[Event "Sparkassen-Open A"]
[Site "Heusenstamm, Martinsee"]
[Date "2025.11.22"]
[Round "4.71"]
[White "Fang, Borui"]
[Black "Meyer-Kahlen, Stefan"]
[Result "1-0"]
[WhiteElo "1902"]
[BlackElo "1975"]
[PlyCount "53"]
[EventDate "2025.11.20"]
[WhiteTeam "SV Oberursel"]
[BlackTeam "SC Erkrath 1973"]

1. e4 e5 2. Nc3 Nf6 3. f4 d5 4. fxe5 Nxe4 5. Qf3 f5 6. d3 Nxc3 7. bxc3 c5 8. Qg3 Nc6 9. Be2 Be6 10. Nf3 d4 11. O-O Qd7 12. Bd2 g6 13. c4 Bg7 14. a3 O-O-O 15. Rab1 Qe8 16. Rb5 Bf8 17. Rfb1 Rd7 18. Ng5 h6 19. Bf3 Rc7 20. Nxe6 Qxe6 21. Bd5 Qe8 22. e6 g5 23. Qf3 Rhh7 24. Qxf5 Kb8 25. Bxc6 Qxc6 26. Qxf8+ Rc8 27. e7 1-0